[Event "CAN-op"]
[Site "Kitchener CAN"]
[Date "2006.07.17"]
[Round "3"]
[White "Wight, Keith"]
[Black "Zhou, Haonan"]
[Result "1-0"]
[WhiteElo "2010"]
[BlackElo "1821"]
[PlyCount "69"]
[EventDate "2006.07.15"]
[EventType "swiss"]
[EventRounds "9"]
[EventCountry "CAN"]

1. e4 e6 2. d4 d5 3. Nd2 Nf6 4. e5 Nfd7 5. Bd3 c5 6. c3 Nc6 7. Ne2 cxd4 8. cxd4
Qb6 9. O-O Nxd4 10. Nxd4 Qxd4 11. Nf3 Qb6 12. Qa4 Qb4 13. Qc2 Be7 14. Bd2 Qc5
15. Qa4 O-O 16. Be3 Qb4 17. Qc2 h6 18. Bd2 Qb6 19. b4 f6 20. Bh7+ Kh8 21. Qg6
Nxe5 22. Nxe5 fxe5 23. Bxh6 Bf6 24. Be3 Qc7 25. Qh5 g5 26. Bd3+ Kg8 27. Bxg5
Bxg5 28. Qxg5+ Qg7 29. Qe3 b6 30. f3 Bb7 31. Rae1 e4 32. fxe4 d4 33. Qh3 Rxf1+
34. Rxf1 Bc8 35. Rf3 1-0

[Event "CAN-op"]
[Site "Kitchener CAN"]
[Date "2006.07.18"]
[Round "4"]
[White "Cleto, Sam"]
[Black "Lacau Rodean, Iulia"]
[Result "1/2-1/2"]
[WhiteElo "1870"]
[BlackElo "2071"]
[PlyCount "76"]
[EventDate "2006.07.15"]
[EventType "swiss"]
[EventRounds "9"]
[EventCountry "CAN"]

1. Nf3 Nf6 2. c4 d6 3. Nc3 g6 4. e4 Bg7 5. d4 O-O 6. h3 e6 7. Bg5 h6 8. Be3 Qe7
9. Qd2 Kh7 10. Bd3 e5 11. d5 a6 12. a4 a5 13. Rb1 Na6 14. Na2 Nc5 15. Bxc5 dxc5
16. Nc3 Ne8 17. Ne2 Nd6 18. Ng3 Bd7 19. b3 Kh8 20. Nh2 f5 21. Nf3 f4 22. Ne2 g5
23. Kd1 b6 24. Nc3 Qf7 25. Be2 Qg6 26. Qc2 Kg8 27. Kd2 Rae8 28. Rbg1 h5 29. Kc1
g4 30. hxg4 hxg4 31. Nd2 Kf7 32. f3 g3 33. Kb2 Rh8 34. Rxh8 Rxh8 35. Nb5 Bxb5
36. cxb5 Rh2 37. Nc4 Qh5 38. Nxd6+ cxd6 1/2-1/2

[Event "CAN-op"]
[Site "Kitchener CAN"]
[Date "2006.07.18"]
[Round "4"]
[White "Demmery, Steve"]
[Black "Mattson, Dane"]
[Result "1/2-1/2"]
[WhiteElo "2097"]
[BlackElo "1857"]
[PlyCount "42"]
[EventDate "2006.07.15"]
[EventType "swiss"]
[EventRounds "9"]
[EventCountry "CAN"]

1. d4 e6 2. c4 Nf6 3. Nf3 b6 4. g3 Ba6 5. Qa4 Be7 6. Bg2 Bb7 7. O-O O-O 8. Nc3
c5 9. d5 exd5 10. Nd2 Bc6 11. Qc2 dxc4 12. Nxc4 Bxg2 13. Kxg2 Nc6 14. Rd1 Nd4
15. Qd3 Qc8 16. e4 Qb7 17. Ne3 Rae8 18. f3 Bd8 19. Nc2 d5 20. exd5 Nxd5 21.
Nxd4 Nb4 1/2-1/2

[Event "CAN-op"]
[Site "Kitchener CAN"]
[Date "2006.07.18"]
[Round "4"]
[White "Estrada, Julian"]
[Black "Kazmaier, Daniel"]
[Result "1-0"]
[WhiteElo "2370"]
[BlackElo "2141"]
[PlyCount "59"]
[EventDate "2006.07.15"]
[EventType "swiss"]
[EventRounds "9"]
[EventCountry "CAN"]

1. e4 e6 2. d4 d5 3. Nd2 Nf6 4. e5 Nfd7 5. Bd3 c5 6. c3 Nc6 7. Ne2 f6 8. exf6
Nxf6 9. Nf3 Qc7 10. Bf4 Bd6 11. Bxd6 Qxd6 12. O-O O-O 13. Bb5 Ne4 14. Ng3 Qf4
15. Qc1 Qf6 16. Qe3 cxd4 17. cxd4 Nd6 18. Bxc6 bxc6 19. Ne5 Nf5 20. Nxf5 exf5
21. Qc3 f4 22. Qxc6 Be6 23. Rfe1 Rae8 24. Nf3 g5 25. Re5 g4 26. Ng5 g3 27. Rxe6
Qxg5 28. Rxe8 gxf2+ 29. Kxf2 f3 30. Qe6+ 1-0

[Event "CAN-op"]
[Site "Kitchener CAN"]
[Date "2006.07.18"]
[Round "4"]
[White "Henry, Liam"]
[Black "Upper, John"]
[Result "1-0"]
[WhiteElo "2090"]
[BlackElo "1993"]
[PlyCount "41"]
[EventDate "2006.07.15"]
[EventType "swiss"]
[EventRounds "9"]
[EventCountry "CAN"]

1. e4 e6 2. d4 d5 3. Nc3 Nf6 4. Bg5 dxe4 5. Nxe4 Be7 6. Bxf6 gxf6 7. Nf3 f5 8.
Nc3 Bf6 9. Qd2 Nd7 10. O-O-O c6 11. Qe3 Qa5 12. Kb1 b5 13. d5 f4 14. Qxf4 Bxc3
15. dxe6 fxe6 16. bxc3 Qxc3 17. Qd6 Nc5 18. Qxc6+ Kf7 19. Qc7+ Kg6 20. Bd3+ Kh5
21. g4+ 1-0

[Event "CAN-op"]
[Site "Kitchener CAN"]
[Date "2006.07.18"]
[Round "4"]
[White "Ho, Conrad"]
[Black "Vlasov, John"]
[Result "1-0"]
[WhiteElo "2046"]
[BlackElo "1813"]
[PlyCount "49"]
[EventDate "2006.07.15"]
[EventType "swiss"]
[EventRounds "9"]
[EventCountry "CAN"]

1. e4 c5 2. Nc3 e6 3. Nge2 a6 4. g3 b5 5. a3 Bb7 6. Bg2 Qc7 7. O-O d6 8. d3 Nf6
9. h3 Be7 10. f4 Nc6 11. Kh1 Nd4 12. Nxd4 cxd4 13. Ne2 e5 14. Bd2 O-O 15. g4
Rac8 16. Rc1 Nd7 17. g5 Rfe8 18. f5 Bf8 19. Ng3 Nb6 20. g6 d5 21. Qh5 fxg6 22.
fxg6 hxg6 23. Qxg6 dxe4 24. Nh5 Kh8 25. Rf7 1-0

[Event "CAN-op"]
[Site "Kitchener CAN"]
[Date "2006.07.18"]
[Round "4"]
[White "Milicevic, Goran"]
[Black "Gulati, Justin"]
[Result "1-0"]
[WhiteElo "2305"]
[BlackElo "2132"]
[PlyCount "47"]
[EventDate "2006.07.15"]
[EventType "swiss"]
[EventRounds "9"]
[EventCountry "CAN"]

1. e4 g6 2. d4 Bg7 3. Nc3 d6 4. f4 a6 5. Be2 b5 6. a3 Bb7 7. Bf3 Nd7 8. Nge2 c5
9. dxc5 Nxc5 10. Be3 Rc8 11. O-O Nf6 12. e5 Nfe4 13. b4 Nxc3 14. Nxc3 Bxf3 15.
Qxf3 Nd7 16. Bd4 O-O 17. Qe3 dxe5 18. fxe5 e6 19. Rad1 Qc7 20. Ne4 Bxe5 21.
Bxe5 Nxe5 22. Nf6+ Kg7 23. Rd4 Nc4 24. Qh6+ 1-0

[Event "CAN-op"]
[Site "Kitchener CAN"]
[Date "2006.07.18"]
[Round "4"]
[White "Mulyar, Michael"]
[Black "Buscar, Michael"]
[Result "1/2-1/2"]
[WhiteElo "2391"]
[BlackElo "2214"]
[PlyCount "84"]
[EventDate "2006.07.15"]
[EventType "swiss"]
[EventRounds "9"]
[EventCountry "CAN"]

1. c4 e6 2. Nc3 d5 3. d4 Nf6 4. cxd5 exd5 5. Bg5 Be7 6. e3 h6 7. Bh4 c6 8. Bd3
b6 9. Nf3 Bb7 10. O-O O-O 11. Ne5 Nfd7 12. Bg3 Nxe5 13. dxe5 a5 14. f4 Ba6 15.
Bxa6 Nxa6 16. f5 Bc5 17. f6 Bxe3+ 18. Kh1 Nc5 19. Qg4 g6 20. Rae1 Qc8 21. Qe2
d4 22. Nd1 Qa6 23. Qxa6 Rxa6 24. Nxe3 dxe3 25. Rxe3 Rd8 26. Ree1 Ne6 27. Rd1
Raa8 28. Kg1 Kf8 29. Kf2 Ke8 30. Ke3 Rxd1 31. Rxd1 Rd8 32. Rxd8+ Kxd8 33. Ke4
Kd7 34. Bf2 c5 35. g4 Kc6 36. Be3 g5 37. a4 Kd7 38. Bf2 Nf4 39. h4 Ke6 40. hxg5
hxg5 41. Be1 Ng6 42. Bc3 Nf4 1/2-1/2

[Event "CAN-op"]
[Site "Kitchener CAN"]
[Date "2006.07.18"]
[Round "4"]
[White "Ozkan, Charlie"]
[Black "Sauve, Richard"]
[Result "1/2-1/2"]
[WhiteElo "1903"]
[BlackElo "2004"]
[PlyCount "65"]
[EventDate "2006.07.15"]
[EventType "swiss"]
[EventRounds "9"]
[EventCountry "CAN"]

1. Nf3 e6 2. c4 d5 3. b3 Nf6 4. Bb2 Nbd7 5. g3 Bd6 6. cxd5 exd5 7. Bg2 O-O 8.
O-O Re8 9. e3 c6 10. Ba3 Qe7 11. Qc1 Nf8 12. Bxd6 Qxd6 13. d3 Bf5 14. Qc3 a5
15. a3 N8d7 16. Nh4 Be6 17. Nd2 Qe5 18. Qc2 Rac8 19. Ndf3 Qc7 20. Nd4 Bg4 21.
h3 Be6 22. Nxe6 Rxe6 23. Nf5 Qe5 24. Nd4 Ree8 25. Nf3 Qd6 26. Nd4 h6 27. Nf5
Qe5 28. Nd4 Qe7 29. Qc3 Ra8 30. Rfc1 Rec8 31. Nf5 Qe6 32. Nd4 Qd6 33. Nf5
1/2-1/2

[Event "CAN-op"]
[Site "Kitchener CAN"]
[Date "2006.07.18"]
[Round "4"]
[White "Thorvardson, Barry"]
[Black "Dixon, Frank"]
[Result "0-1"]
[WhiteElo "2075"]
[BlackElo "1976"]
[PlyCount "102"]
[EventDate "2006.07.15"]
[EventType "swiss"]
[EventRounds "9"]
[EventCountry "CAN"]

1. e4 d5 2. exd5 Nf6 3. d4 Nxd5 4. c4 Nf6 5. Nc3 g6 6. Be2 Bg7 7. Be3 O-O 8.
Qd2 Re8 9. Rd1 c6 10. Bh6 Bh8 11. h4 Bf5 12. f3 e5 13. g4 Bc8 14. dxe5 Qxd2+
15. Rxd2 Rxe5 16. h5 Re8 17. hxg6 fxg6 18. Nh3 Nbd7 19. O-O Ne5 20. Rfd1 Be6
21. b3 Nxf3+ 22. Bxf3 Bxg4 23. Bxg4 Nxg4 24. Bf4 Bxc3 25. Rd7 b6 26. Rc7 c5 27.
Rdd7 h6 28. Kg2 g5 29. Kg3 Nf6 30. Rg7+ Kh8 31. Kg2 Rg8 32. Rxg8+ Rxg8 33. Bc1
Rg7 34. Rc6 Kh7 35. Ng1 Kg6 36. Ne2 Be5 37. a4 Rc7 38. Rxc7 Bxc7 39. Nc3 Kf5
40. Bb2 h5 41. Nb5 Bb8 42. a5 g4 43. Bc3 h4 44. b4 h3+ 45. Kg1 Ne4 46. Be1 Ng5
47. Bf2 Ne4 48. axb6 axb6 49. bxc5 Nxf2 50. Nd4+ Ke4 51. Nc6 h2+ 0-1

[Event "CAN-op"]
[Site "Kitchener CAN"]
[Date "2006.07.18"]
[Round "4"]
[White "Willms, Jeff"]
[Black "Wight, Keith"]
[Result "1/2-1/2"]
[WhiteElo "1936"]
[BlackElo "2010"]
[PlyCount "85"]
[EventDate "2006.07.15"]
[EventType "swiss"]
[EventRounds "9"]
[EventCountry "CAN"]

1. e4 c5 2. Nf3 d6 3. d4 cxd4 4. Nxd4 Nf6 5. Nc3 a6 6. Rg1 b5 7. a3 Bb7 8. Bd3
Nbd7 9. g4 h6 10. h4 Nc5 11. Qe2 e5 12. Nf5 g6 13. Ng3 Be7 14. h5 Qd7 15. hxg6
fxg6 16. f3 O-O-O 17. Be3 Qc6 18. O-O-O Kb8 19. Kb1 Rc8 20. Rh1 Ne6 21. Bxh6
Nd4 22. Qf2 Bd8 23. Nge2 Bb6 24. Nxd4 Bxd4 25. Qd2 Qb6 26. Ne2 Bc5 27. b4 Bf2
28. Rhf1 d5 29. Nc1 Bd4 30. Nb3 Bc3 31. Qg5 dxe4 32. fxe4 Nxe4 33. Bxe4 Bxe4
34. Nc5 Rxc5 35. bxc5 Qxc5 36. Rd8+ Rxd8 37. Qxd8+ Ka7 38. Bf8 Qc4 39. Qd7+ Kb6
40. Qd8+ Kb7 41. Qd7+ Kb6 42. Qd8+ Kb7 43. Qd7+ 1/2-1/2

[Event "CAN-op"]
[Site "Kitchener CAN"]
[Date "2006.07.18"]
[Round "4"]
[White "Yoos, John"]
[Black "Zubac, Marius"]
[Result "1/2-1/2"]
[WhiteElo "2373"]
[BlackElo "2217"]
[PlyCount "170"]
[EventDate "2006.07.15"]
[EventType "swiss"]
[EventRounds "9"]
[EventCountry "CAN"]

1. e4 c5 2. Nf3 Nc6 3. d4 cxd4 4. Nxd4 Nf6 5. Nc3 e5 6. Ndb5 d6 7. Bg5 a6 8.
Na3 b5 9. Bxf6 gxf6 10. Nd5 f5 11. Bd3 Be6 12. Qh5 Rg8 13. c3 Rxg2 14. Qf3 Rg4
15. exf5 Bxd5 16. Qxd5 Ne7 17. Qb7 Qc8 18. Qxc8+ Nxc8 19. Nc2 Bh6 20. Nb4 Kd8
21. a4 Nb6 22. axb5 axb5 23. Rxa8+ Nxa8 24. Bxb5 Nc7 25. Be2 Rh4 26. Bd3 Ke7
27. f3 d5 28. Kf2 Kf6 29. Kg3 Bg5 30. h3 e4 31. fxe4 dxe4 32. Be2 Kxf5 33. Bg4+
Kg6 34. Rf1 h5 35. Bf5+ Kg7 36. b3 e3 37. Bd3 f6 38. Nc2 Nd5 39. Nd4 Kf8 40.
Ne2 Ke7 41. c4 Nb4 42. Bf5 Kd6 43. Ra1 Nc6 44. Rd1+ Kc5 45. Rd5+ Kb4 46. Bd7
Ne7 47. Rb5+ Ka3 48. c5 Rb4 49. Rxb4 Kxb4 50. c6 Nd5 51. h4 Bh6 52. Be8 Nc7 53.
Bxh5 Kxb3 54. Nd4+ Kc4 55. Nf5 Bf8 56. Nxe3+ Kc5 57. Bf3 Ne6 58. Nf5 Kb6 59.
Kg4 Nd8 60. Kh5 Nxc6 61. Bxc6 Kxc6 62. Kg6 Ba3 63. Nd4+ Kd7 64. h5 Bc1 65. Kf7
Kd6 66. Nf3 f5 67. Kf6 f4 68. h6 Bb2+ 69. Kf5 Ke7 70. Ng5 Kf8 71. Kg6 Ke7 72.
Nf3 Kf8 73. Nh4 Bc3 74. Kf5 Kg8 75. Kg6 Kf8 76. Nf3 Bb2 77. Nd2 Bc3 78. Ne4 Bb2
79. Ng5 Ke7 80. Nf3 Bc3 81. h7 Bb2 82. Nh4 Kf8 83. Kh6 Kf7 84. Nf3 Bh8 85. Kg5
Kg7 1/2-1/2

[Event "CAN-op"]
[Site "Kitchener CAN"]
[Date "2006.07.19"]
[Round "5"]
[White "Buscar, Michael"]
[Black "Yoos, John"]
[Result "0-1"]
[WhiteElo "2214"]
[BlackElo "2373"]
[PlyCount "110"]
[EventDate "2006.07.15"]
[EventType "swiss"]
[EventRounds "9"]
[EventCountry "CAN"]

1. d4 Nf6 2. c4 e6 3. Nc3 Bb4 4. e3 O-O 5. Bd3 d5 6. Nge2 Nc6 7. a3 Be7 8. f4
b6 9. b4 dxc4 10. Bxc4 Nd5 11. Qc2 Bb7 12. O-O Nxc3 13. Qxc3 Bf6 14. Bb2 Ne7
15. Bd3 Rc8 16. b5 Nf5 17. Qd2 g6 18. Rad1 Bg7 19. a4 Qd7 20. Bb1 c5 21. Bxf5
exf5 22. dxc5 Qxd2 23. Rxd2 Bxb2 24. Rxb2 Rxc5 25. Rd1 Rfc8 26. Rd7 R8c7 27.
Rbd2 Kf8 28. Kf2 Ke8 29. R7d4 Rc2 30. Rd8+ Ke7 31. R8d7+ Rxd7 32. Rxc2 Be4 33.
Ra2 Rd3 34. Nd4 Bd5 35. Rc2 Kd6 36. Nc6 Bb3 37. Rb2 f6 38. a5 Kc5 39. Nd4 Bc4
40. axb6 axb6 41. h3 Ra3 42. g4 fxg4 43. hxg4 Ra2 44. Rxa2 Bxa2 45. f5 gxf5 46.
gxf5 Bc4 47. Kf3 Bxb5 48. Ne6+ Kd6 49. Kf4 Bc4 50. Nd4 b5 51. e4 b4 52. Nf3 b3
53. e5+ fxe5+ 54. Nxe5 Be2 55. f6 b2 0-1

[Event "CAN-op"]
[Site "Kitchener CAN"]
[Date "2006.07.19"]
[Round "5"]
[White "Davies, Lucas"]
[Black "Mulyar, Michael"]
[Result "1/2-1/2"]
[WhiteElo "2159"]
[BlackElo "2391"]
[PlyCount "56"]
[EventDate "2006.07.15"]
[EventType "swiss"]
[EventRounds "9"]
[EventCountry "CAN"]

1. e4 Nf6 2. e5 Nd5 3. d4 d6 4. c4 Nb6 5. exd6 cxd6 6. Nc3 g6 7. Be3 Bg7 8. Rc1
O-O 9. b3 Bf5 10. Be2 a5 11. Nf3 d5 12. c5 Nc8 13. Ne5 Nc6 14. Nxc6 bxc6 15.
Qd2 f6 16. a3 e5 17. b4 axb4 18. axb4 Ne7 19. O-O Be6 20. Rfd1 Nf5 21. b5 exd4
22. Bxd4 Bh6 23. Be3 Nxe3 24. fxe3 Qe7 25. Bf3 Bg4 26. Re1 Bxf3 27. gxf3 Qxc5
28. bxc6 Qxc6 1/2-1/2

[Event "CAN-op"]
[Site "Kitchener CAN"]
[Date "2006.07.19"]
[Round "5"]
[White "Doubleday, William"]
[Black "Hamilton, Robert"]
[Result "0-1"]
[WhiteElo "2129"]
[BlackElo "2333"]
[PlyCount "134"]
[EventDate "2006.07.15"]
[EventType "swiss"]
[EventRounds "9"]
[EventCountry "CAN"]

1. d4 Nf6 2. c4 e6 3. Nc3 Bb4 4. e3 O-O 5. Nge2 Re8 6. a3 Bf8 7. e4 d6 8. Ng3
Nc6 9. Be3 g6 10. Be2 Bg7 11. O-O e5 12. dxe5 dxe5 13. Qxd8 Nxd8 14. Nb5 Ne6
15. Nxa7 Nd4 16. Bxd4 exd4 17. Nxc8 Raxc8 18. Bd3 h5 19. Rfe1 Nd7 20. Rad1 Nc5
21. f3 Ra8 22. Ne2 Ra4 23. Nc1 Nxd3 24. Nxd3 Rxc4 25. Rc1 b5 26. a4 Bh6 27. f4
Rxc1 28. Rxc1 Rxe4 29. axb5 Re3 30. Rd1 Re8 31. Rc1 Re3 32. Rd1 Bf8 33. g3 f6
34. Kf2 Kf7 35. f5 gxf5 36. b4 Bd6 37. Nc5 Be5 38. Rd2 h4 39. gxh4 Rh3 40. Kg1
Rxh4 41. Kh1 Ke7 42. Na4 Rh8 43. b6 cxb6 44. Nxb6 Rb8 45. Nc4 Rxb4 46. Nb2 Rb3
47. Nd3 Kd6 48. Kg2 Kd5 49. h4 Kc4 50. Nf2 Rg3+ 51. Kf1 Rg8 52. Rd3 Bg3 53. Rf3
Bxh4 54. Rxf5 Ra8 55. Ne4 Kd3 56. Rf4 Bg5 57. Rg4 Ra5 58. Nf2+ Kc4 59. Ne4 Be3
60. Rh4 Kd3 61. Kg2 f5 62. Ng3 Ra2+ 63. Kh3 f4 64. Nf5 f3 65. Kg3 Bf2+ 66. Kxf3
Bxh4 67. Nxh4 Ra6 0-1

[Event "CAN-op"]
[Site "Kitchener CAN"]
[Date "2006.07.19"]
[Round "5"]
[White "Hecht, Hans Joachim"]
[Black "Milicevic, Goran"]
[Result "1-0"]
[WhiteElo "2394"]
[BlackElo "2305"]
[PlyCount "105"]
[EventDate "2006.07.15"]
[EventType "swiss"]
[EventRounds "9"]
[EventCountry "CAN"]

1. d4 Nf6 2. c4 e6 3. Nc3 Bb4 4. e3 c5 5. Bd3 O-O 6. Nf3 d5 7. O-O Nc6 8. a3
Bxc3 9. bxc3 b6 10. Bb2 dxc4 11. Bxc4 Na5 12. Bd3 Qd5 13. Ne5 c4 14. Be2 Bb7
15. f3 Qb5 16. Bc1 Nd5 17. a4 Qb3 18. Ra3 Qxd1 19. Rxd1 Rac8 20. e4 Ne7 21. Ng4
Rfd8 22. Nf2 f5 23. h4 g6 24. Bf1 Kf7 25. Re1 Ng8 26. Ra2 Bc6 27. g4 Nf6 28.
Bg2 Re8 29. Bf4 Rcd8 30. Kh2 Bd7 31. Rae2 Nc6 32. Bc7 Rc8 33. Bd6 fxg4 34. Nxg4
Nxg4+ 35. fxg4 e5 36. d5 Na5 37. Rf2+ Kg8 38. Ref1 Bxg4 39. Rf7 Rcd8 40. Bb4
Rd7 41. Rf8+ Rxf8 42. Rxf8+ Kg7 43. Re8 Kf6 44. Bxa5 bxa5 45. Bh3 Bxh3 46. Kxh3
Rc7 47. Re6+ Kf7 48. Rxe5 Rb7 49. Kg4 Rb3 50. d6 Rxc3 51. Re7+ Kf8 52. Rxh7 Rc1
53. Rh8+ 1-0

[Event "CAN-op"]
[Site "Kitchener CAN"]
[Date "2006.07.19"]
[Round "5"]
[White "Kazmaier, Daniel"]
[Black "Jiang, Louie"]
[Result "1-0"]
[WhiteElo "2141"]
[BlackElo "1967"]
[PlyCount "101"]
[EventDate "2006.07.15"]
[EventType "swiss"]
[EventRounds "9"]
[EventCountry "CAN"]

1. d4 d5 2. Nf3 Nf6 3. Bf4 e6 4. c4 Nbd7 5. e3 c6 6. Nc3 b6 7. Rc1 Bb7 8. Be2
Be7 9. h3 O-O 10. O-O Rc8 11. Qd2 Bb4 12. a3 Ne4 13. Qc2 Bxc3 14. bxc3 Ba6 15.
cxd5 Bxe2 16. Qxe2 cxd5 17. c4 Qe7 18. cxd5 exd5 19. Rxc8 Rxc8 20. Qa6 Rc3 21.
Qxa7 Rxa3 22. Qb7 Qe6 23. Ne5 Nf8 24. Rb1 b5 25. Nc6 Nc3 26. Rb2 h6 27. Kh2 Ng6
28. Qb8+ Kh7 29. Nd8 Qf6 30. Qd6 Nxf4 31. Qxa3 Nfe2 32. Rxe2 Nxe2 33. Qd3+ g6
34. Qxe2 Qxd8 35. Qxb5 Qc7+ 36. Kg1 Qc1+ 37. Qf1 Qc3 38. Qd1 Kg7 39. Qf3 Qc1+
40. Kh2 Qc7+ 41. Qg3 Qc6 42. Qe5+ Kg8 43. f3 h5 44. e4 dxe4 45. d5 Qc2 46. fxe4
f6 47. Qxf6 Qxe4 48. d6 Qd3 49. h4 Qc2 50. Qd8+ Kg7 51. Qc7+ 1-0

[Event "CAN-op"]
[Site "Kitchener CAN"]
[Date "2006.07.19"]
[Round "5"]
[White "Predescu, Sebastian"]
[Black "Arandia, Henry"]
[Result "1-0"]
[WhiteElo "2222"]
[BlackElo "2052"]
[PlyCount "43"]
[EventDate "2006.07.15"]
[EventType "swiss"]
[EventRounds "9"]
[EventCountry "CAN"]

1. e4 d5 2. exd5 Qxd5 3. d4 e5 4. dxe5 Qxe5+ 5. Be2 Bg4 6. Be3 Bxe2 7. Qxe2 Be7
8. Nc3 Nc6 9. Nf3 Qa5 10. O-O-O Nf6 11. Nd4 O-O 12. Nxc6 bxc6 13. Qc4 Rab8 14.
Qxc6 Ng4 15. Bd4 Bd6 16. Rhe1 Rfd8 17. Qc4 h5 18. Nd5 Kf8 19. h3 Nh6 20. Bc3
Qc5 21. Qh4 c6 22. Bxg7+ 1-0

[Event "CAN-op"]
[Site "Kitchener CAN"]
[Date "2006.07.19"]
[Round "5"]
[White "Pushkedra, Frank"]
[Black "Davies, Noam"]
[Result "0-1"]
[WhiteElo "2279"]
[BlackElo "2101"]
[PlyCount "76"]
[EventDate "2006.07.15"]
[EventType "swiss"]
[EventRounds "9"]
[EventCountry "CAN"]

1. e4 c5 2. Nf3 e6 3. d4 cxd4 4. Nxd4 a6 5. Nc3 Qc7 6. Bd3 Nf6 7. O-O b5 8. Re1
d6 9. Bg5 Be7 10. Qf3 Bb7 11. Qg3 O-O 12. Qh3 g6 13. Qh4 Nbd7 14. Re3 Qb6 15.
Nde2 b4 16. Nd1 Rfe8 17. Rh3 Qd8 18. Ng3 h5 19. f4 Nh7 20. Bxe7 Qxe7 21. Nf2
Nc5 22. Rf1 Nxd3 23. cxd3 Rac8 24. f5 Ng5 25. Nxh5 Nxh3+ 26. Qxh3 gxh5 27. Qxh5
exf5 28. exf5 f6 29. Ng4 Qg7 30. h4 Kf8 31. Rf2 Rc1+ 32. Kh2 Ree1 33. Kg3 d5
34. d4 Re4 35. Qg6 Qc7+ 36. Ne5 fxe5 37. Qf6+ Kg8 38. Kh3 Rh1+ 0-1

[Event "CAN-op"]
[Site "Kitchener CAN"]
[Date "2006.07.19"]
[Round "5"]
[White "Sadoway, Steven"]
[Black "Becker, Paul"]
[Result "0-1"]
[WhiteElo "2037"]
[BlackElo "2076"]
[PlyCount "75"]
[EventDate "2006.07.15"]
[EventType "swiss"]
[EventRounds "9"]
[EventCountry "CAN"]

1. e4 c5 2. Nf3 e6 3. d4 cxd4 4. Nxd4 a6 5. c4 Nf6 6. Bd3 Bc5 7. Nb3 Ba7 8. e5
Ng8 9. Qg4 Kf8 10. Bd2 Nc6 11. Bc3 h5 12. Qg3 h4 13. Qf3 Qg5 14. Qe4 Nh6 15. f4
Qe7 16. Qe2 d6 17. N1d2 d5 18. Nf3 dxc4 19. Bxc4 Nf5 20. Bd2 g6 21. O-O-O b5
22. Bd3 Bb7 23. Kb1 Nb4 24. a3 Nd5 25. Be4 Nfe3 26. Nfd4 Nc4 27. Bc1 Nxa3+ 28.
Ka1 Nc4 29. Rhf1 Qb4 30. Rd3 Qa4+ 31. Kb1 Nb4 32. Bd2 Qa2+ 33. Kc1 Qxb2+ 34.
Kd1 Qb1+ 35. Nc1 Nb2+ 36. Ke1 N4xd3+ 37. Qxd3 Nxd3+ 38. Bxd3 0-1

[Event "CAN-op"]
[Site "Kitchener CAN"]
[Date "2006.07.19"]
[Round "5"]
[White "Sauve, Richard"]
[Black "Demmery, Steve"]
[Result "1-0"]
[WhiteElo "2004"]
[BlackElo "2097"]
[PlyCount "108"]
[EventDate "2006.07.15"]
[EventType "swiss"]
[EventRounds "9"]
[EventCountry "CAN"]

1. d4 d5 2. c4 dxc4 3. Nf3 c5 4. e3 cxd4 5. exd4 Nf6 6. Bxc4 e6 7. O-O Be7 8.
Qe2 O-O 9. Nc3 a6 10. a4 Nc6 11. Rd1 Nb4 12. Bg5 Re8 13. Ne5 Nfd5 14. Bxe7 Rxe7
15. Qe4 Qd6 16. Qh4 f6 17. Nd3 Qc6 18. Nxb4 Qxc4 19. Nbxd5 exd5 20. Re1 Rxe1+
21. Rxe1 Bf5 22. Qf4 Bg6 23. h3 b5 24. axb5 axb5 25. Re7 b4 26. Rc7 bxc3 27.
Rxc4 cxb2 28. Rb4 b1=Q+ 29. Rxb1 Bxb1 30. Qd6 Ba2 31. h4 Re8 32. h5 Kf7 33. h6
gxh6 34. f3 Bc4 35. Qf4 Kg7 36. Qg4+ Kf8 37. Kh2 Re2 38. Kh3 Re1 39. Kg3 Kf7
40. Qh5+ Kg7 41. Kf4 Re2 42. Qg4+ Kf7 43. g3 Re1 44. Qf5 Kg7 45. Kg4 Re2 46. f4
Re7 47. Kh4 Re1 48. Qd7+ Kg8 49. Kg4 Re3 50. Kf5 Rxg3 51. Ke6 Kh8 52. Qd8+ Rg8
53. Qxf6+ Rg7 54. f5 h5 1-0

[Event "CAN-op"]
[Site "Kitchener CAN"]
[Date "2006.07.19"]
[Round "5"]
[White "Shetty, Rahul"]
[Black "Kraai, Jesse"]
[Result "1-0"]
[WhiteElo "2269"]
[BlackElo "2473"]
[PlyCount "117"]
[EventDate "2006.07.15"]
[EventType "swiss"]
[EventRounds "9"]
[EventCountry "CAN"]

1. e4 e6 2. d4 d5 3. Nc3 Nf6 4. Bg5 dxe4 5. Nxe4 Be7 6. Bxf6 Bxf6 7. Nf3 Nd7 8.
Qd2 O-O 9. O-O-O Be7 10. h4 c5 11. dxc5 Qc7 12. Bd3 f5 13. Nd6 Nxc5 14. Nc4 b5
15. Nce5 Ne4 16. Qe2 Nc3 17. Qe1 Nxd1 18. Qxd1 Bf6 19. Re1 Bb7 20. Kb1 Bd5 21.
Qe2 a6 22. g3 Rfe8 23. g4 Qa5 24. c4 bxc4 25. Nxc4 Bxf3 26. Nxa5 Bxe2 27. Rxe2
fxg4 28. h5 Rac8 29. b4 Red8 30. Bc4 Kf8 31. Kc2 Rd6 32. Kb3 Rb8 33. a3 Bd8 34.
Ka4 Bxa5 35. Kxa5 Rbb6 36. Re4 Rbc6 37. Rxg4 e5 38. f3 Rd4 39. Bxa6 Rxg4 40.
fxg4 Ke7 41. b5 Rd6 42. b6 Rd5+ 43. Bb5 Kd8 44. Ka6 e4 45. a4 e3 46. Ka7 Rxb5
47. axb5 e2 48. b7 e1=Q 49. b8=Q+ Kd7 50. Qb7+ Kd8 51. Qd5+ Ke7 52. b6 Qa1+ 53.
Kb8 Qg1 54. Qe5+ Kd7 55. Qxg7+ Kc6 56. b7 Kb6 57. Qc7+ Ka6 58. Qc6+ Ka5 59. Ka8
1-0

[Event "CAN-op"]
[Site "Kitchener CAN"]
[Date "2006.07.19"]
[Round "5"]
[White "Stevens, Christian"]
[Black "Arencibia, Walter"]
[Result "0-1"]
[WhiteElo "2314"]
[BlackElo "2539"]
[PlyCount "36"]
[EventDate "2006.07.15"]
[EventType "swiss"]
[EventRounds "9"]
[EventCountry "CAN"]

1. Nf3 d5 2. c4 d4 3. b4 g6 4. Bb2 Bg7 5. e3 e5 6. exd4 e4 7. Qe2 Qe7 8. Ne5 f6
9. Ng4 Bxg4 10. Qxg4 f5 11. Qd1 Nc6 12. Nc3 Nxd4 13. Qa4+ c6 14. O-O-O Nf6 15.
Ne2 Ne6 16. f3 O-O 17. d4 exd3 18. Rxd3 a5 0-1

[Event "CAN-op"]
[Site "Kitchener CAN"]
[Date "2006.07.19"]
[Round "5"]
[White "Watson, Michael"]
[Black "Lacau Rodean, Iulia"]
[Result "1/2-1/2"]
[WhiteElo "1915"]
[BlackElo "2071"]
[PlyCount "92"]
[EventDate "2006.07.15"]
[EventType "swiss"]
[EventRounds "9"]
[EventCountry "CAN"]

1. e4 c5 2. Nc3 Nc6 3. g3 g6 4. Bg2 Bg7 5. d3 d6 6. Nge2 e5 7. O-O Nge7 8. Be3
Nd4 9. f4 O-O 10. Qd2 Rb8 11. h3 b5 12. g4 b4 13. Nd1 f5 14. gxf5 gxf5 15. Ng3
Qe8 16. c3 bxc3 17. bxc3 Ndc6 18. Nf2 Qg6 19. Kh2 Bd7 20. Rg1 Kh8 21. exf5 Nxf5
22. Nxf5 Qxf5 23. Be4 Qf7 24. Ng4 exf4 25. Raf1 fxe3 26. Rxf7 exd2 27. Rxd7 Rb2
28. Kh1 h5 29. Ne3 d5 30. Bxd5 d1=Q 31. Rxd1 Ne5 32. Rxa7 Nf3 33. Bxf3 Rxf3 34.
Nc4 Rxh3+ 35. Kg1 Rbh2 36. Rd2 Rxd2 37. Nxd2 Bxc3 38. Nb3 Rxd3 39. Rc7 Bd4+ 40.
Nxd4 cxd4 41. Rc5 Rd1+ 42. Kg2 Rd2+ 43. Kf3 Rxa2 44. Rxh5+ Kg7 45. Rd5 Rd2 46.
Ke4 Kf6 1/2-1/2

[Event "CAN-op"]
[Site "Kitchener CAN"]
[Date "2006.07.19"]
[Round "5"]
[White "Wight, Keith"]
[Black "Ozkan, Charlie"]
[Result "1-0"]
[WhiteElo "2010"]
[BlackElo "1903"]
[PlyCount "96"]
[EventDate "2006.07.15"]
[EventType "swiss"]
[EventRounds "9"]
[EventCountry "CAN"]

1. e4 e5 2. Nf3 Nc6 3. d4 exd4 4. Nxd4 Qf6 5. Be3 a6 6. g3 Bc5 7. c3 d6 8. Bg2
Ne5 9. h3 Ne7 10. O-O Bd7 11. b4 Ba7 12. Nd2 N5c6 13. N2b3 O-O 14. Qd2 Rfe8 15.
f4 Nxd4 16. cxd4 Nc6 17. g4 Qe7 18. f5 f6 19. Rae1 Rad8 20. Kh1 Kh8 21. a3 Qf7
22. Qc3 Bc8 23. Bg1 Re7 24. Nd2 Rde8 25. a4 Nb8 26. Nc4 b5 27. axb5 axb5 28.
Na3 c6 29. Bh2 Rd8 30. Nc2 Qc4 31. Qb2 Bb7 32. g5 Qf7 33. gxf6 gxf6 34. Ne3 h5
35. Bf3 c5 36. Ng2 Qc4 37. Qd2 Qxd4 38. Qxd4 cxd4 39. Nf4 Rh7 40. Rg1 Rh6 41.
Ne6 Rd7 42. Bf4 Rhh7 43. Rg6 Nc6 44. Reg1 Ne7 45. Rxf6 Ng6 46. Rgxg6 Rdf7 47.
Bxd6 d3 48. Be5 Rh6 1-0